书目信息 |
| 题名: |
康熙大帝:夺宫
|
|
| 作者: | 二月河 著 | |
| 分册: | ||
| 出版信息: | 郑州 河南人民出版社 1985.11 |
|
| 页数: | 452页 | |
| 开本: | 32开 | |
| 丛书名: | ||
| 单 册: | ||
| 中图分类: | I247.53 | |
| 科图分类: | ||
| 主题词: | 小说--中国 | |
| 电子资源: | ||
| ISBN: | 7-215-01837-7 | |
| 000 | 00497nam0 2200181 45 | |
| 001 | 0006200911 | |
| 005 | 20081030154402.09 | |
| 010 | @a7-215-01837-7@d10.80元 | |
| 100 | @a20000620d1985 km y0chiy0120 ea | |
| 101 | 0 | @achi |
| 200 | 1 | @a康熙大帝:夺宫@AKang Xi Da Di:Duo Gong@f二月河著@FEr Yue He Zhu |
| 210 | @a郑州@c河南人民出版社@d1985.11 | |
| 215 | @a452页@d32开 | |
| 606 | 0 | @a小说@x中国 |
| 690 | @aI247.53@v3 | |
| 701 | 0 | @a二月河@4著 |
| 801 | @aCN@c20081030 | |
| 905 | @b207972@dI247.53@eE307:1@f1 | |
| 康熙大帝:夺宫/二月河著.-郑州:河南人民出版社,1985.11 |
| 452页;32开 |
| ISBN 7-215-01837-7:10.80元 |
| ● |
| 相关链接 |
|
|
|
正题名:康熙大帝:夺宫
索取号:I247.53/E307:1
 
预约/预借
| 序号 | 登录号 | 条形码 | 馆藏地/架位号 | 状态 | 备注 |
| 1 | 207972 | 202079721 | 社科二线422/422社科库 4排2列2层/ [索取号:I247.53/E307:1] | 在馆 | |
| 2 | 460711 | 204607112 | 文学库108/108文学库 43排2列5层/ [索取号:I247.53/E307:1] | 在馆 |